Investments: Theory and Applications (Record no. 2813)

MARC details
005 - DATE AND TIME OF LATEST TRANSACTION
control field 20250529084807.0
020 ## - INTERNATIONAL STANDARD BOOK NUMBER
International Standard Book Number 0-03-026887-7
082 ## - DEWEY DECIMAL CLASSIFICATION NUMBER
Classification number 332.6 HIR
100 ## - MAIN ENTRY--PERSONAL NAME
Author name HIRSCHEY, M.
245 ## - TITLE STATEMENT
Title Investments: Theory and Applications
260 ## - PUBLICATION, DISTRIBUTION, ETC.
Place of publication, distribution, etc. New York,
Name of publisher, distributor, etc. Harcourt College Publishers
Date of publication, distribution, etc. 2001.
300 ## - PHYSICAL DESCRIPTION
Extent xviii, 860p.: ill.; figure, table.
Other physical details Index.
Dimensions 27cm.
856 ## - ELECTRONIC LOCATION AND ACCESS
Link text Access online book
Electronic name Investments
Path http://www.harcourtcollege.com
942 ## - ADDED ENTRY ELEMENTS (KOHA)
Source of classification or shelving scheme Dewey Decimal Classification
Koha item type Books
Holdings
Date last seen Total checkouts Full call number Barcode Cost, replacement price Price effective from Koha item type Lost status Source of classification or shelving scheme Damaged status Not for loan Withdrawn status Home library Current library Shelving location Date acquired Cost, normal purchase price
05/29/2025   332.6 HIR 00000010406 45000.00 05/29/2025 Books   Dewey Decimal Classification       College of Business Education Main Library College of Business Education Main Library General Collection 11/28/2014 15000.00